Note alle leggi sulle espropriazioni per causa si utilità pubblica (Record no. 151806)

MARC details
000 -LEADER
campo de control de longitud fija 00653nam a22001695i 4500
001 - NÚMERO DE CONTROL
campo de control 151806
003 - IDENTIFICADOR DE NÚMERO DE CONTROL
campo de control ES-MaACL
005 - FECHA Y HORA DE LA ÚLTIMA TRANSACCIÓN
campo de control 20230906204406.0
008 - DATOS DE LONGITUD FIJA--INFORMACIÓN GENERAL
campo de control de longitud fija 010725s1886 it |||| | ita d
040 ## - FUENTE DE CATALOGACIÓN
Centro catalogador/agencia de origen CCPB | B
Lengua de catalogación spa
Centro/agencia transcriptor CCPB | B
100 1# - ENTRADA PRINCIPAL--NOMBRE DE PERSONA
Nombre de persona Bellono, Edoardo.
9 (RLIN) 27269
245 10 - MENCIÓN DEL TÍTULO
Título Note alle leggi sulle espropriazioni per causa si utilità pubblica
Resto del título : 25 giugno 1865-18 dicembre 1879-15 gennaio 1885 : disposizioni generali /
Mención de responsabilidad, etc. per l'avvocato Edoardo Bellono.
260 ## - PUBLICACIÓN, DISTRIBUCIÓN, ETC.
Lugar de publicación, distribución, etc. Torino ;
-- Napoli :
Nombre del editor, distribuidor, etc. Roux e Favale,
Fecha de publicación, distribución, etc. 1886.
300 ## - DESCRIPCIÓN FÍSICA
Extensión 239 p. ;
Dimensiones 23 cm.
650 #4 - PUNTO DE ACCESO ADICIONAL DE MATERIA--TÉRMINO DE MATERIA
Término de materia o nombre geográfico como elemento de entrada Expropiación forzosa-
Subdivisión geográfica Italia.
9 (RLIN) 147716
852 ## - LOCALIZACIÓN
Ubicación ES-MaACL
Número de control de estantería F-8335
Nota libre -- Rúst.
Holdings
Estatus retirado Estado de pérdida Estado de daño No para préstamo Colección Biblioteca de origen Biblioteca actual Ubicación en estantería Fecha de adquisición Fuente de adquisición Total de préstamos Signatura topográfica completa Código de barras Visto por última vez Precio de reemplazo Tipo de ítem Koha
        Libros del s. XIX Biblioteca del Ateneo de Madrid Biblioteca del Ateneo de Madrid Sala Pecera Planta 2 17/01/2008     F-8335 1158438 23/02/2023 23/02/2023 Libro impreso antiguo